| 000 | 00795nam a22002057a 4500 | ||
|---|---|---|---|
| 008 | 131204b xxu||||| |||| 00| 0 ger d | ||
| 020 | _a3901328483 | ||
| 041 | 0 | _ager, eng | |
| 080 | _a341.62 | ||
| 245 | 0 | 0 | _aZur Problematik der Stabilisierung des Westbalkans / |
| 260 |
_aWien : _bLandesverteidigungsakademie/Militärwissenschafliches Büro, _c2000. |
||
| 300 |
_a179 f. ; _c23 cm. |
||
| 490 | 1 |
_aStudien und Berichte zur Sicherheitspolitik ; _v5 |
|
| 490 | 1 |
_aSchriftenreihe der Landesverteidigungsakademie ; _v6 |
|
| 500 | _aVorwort : f. 1-3 | ||
| 521 | _a | ||
| 650 | 0 |
_aGadishulli Ballkanik _xPolitika dhe Qeveria |
|
| 710 | 2 | _aLandesverteidigungsakademie (Austria) | |
| 942 |
_2udc _cBK |
||
| 999 |
_c388 _d388 |
||